[Event "Muensterland Verbandsklasse 2526"]
[Site "Germany"]
[Date "2026.02.21"]
[Round "6"]
[Board "2"]
[White "Freitag, Michael"]
[Black "Limberg, Thomas"]
[Result "1/2-1/2"]
[WhiteElo "1716"]
[BlackElo "1815"]
[WhiteFideId "-1"]
[BlackFideId "-1"]
[PlyCount "56"]
[GameId "2283691392667799"]
[EventDate "2025.??.??"]
[EventType "team-tourn"]
[EventRounds "9"]
[EventCountry "GER"]
[SourceTitle "Verband Muensterland"]
[SourceDate "2026.01.17"]
[SourceVersion "1"]
[SourceVersionDate "2026.01.17"]
[SourceQuality "1"]
[WhiteTeam "Steinfurt II"]
[BlackTeam "Olfen"]
[WhiteTeamCountry "GER"]
[BlackTeamCountry "GER"]

1. d4 Nf6 2. c3 d5 3. e3 Bf5 4. Bd3 Bxd3 5. Qxd3 Nbd7 6. f4 e6 7. Nd2 c5 8. Ngf3 Bd6 9. Ne5 h5 10. O-O Rh6 11. a3 c4 12. Qe2 Qe7 13. e4 O-O-O 14. Nxd7 Nxd7 15. exd5 exd5 16. Qxe7 Bxe7 17. Re1 Re6 18. Rxe6 fxe6 19. Nf3 Nf6 20. Ng5 Kd7 21. Bd2 Bd6 22. Re1 Re8 23. g3 b5 24. Kg2 a6 25. h3 Bc7 26. Kf3 Bd6 27. Re2 Re7 28. Rh2 g6 1/2-1/2

[Event "Muensterland Verbandsklasse 2526"]
[Site "Germany"]
[Date "2026.02.21"]
[Round "6"]
[Board "3"]
[White "Preuss, Richard"]
[Black "Terhorst, Timo"]
[Result "1-0"]
[WhiteElo "1798"]
[BlackElo "1644"]
[WhiteFideId "-1"]
[BlackFideId "-1"]
[PlyCount "61"]
[GameId "2283691392667801"]
[EventDate "2025.??.??"]
[EventType "team-tourn"]
[EventRounds "9"]
[EventCountry "GER"]
[SourceTitle "Verband Muensterland"]
[SourceDate "2026.01.17"]
[SourceVersion "1"]
[SourceVersionDate "2026.01.17"]
[SourceQuality "1"]
[WhiteTeam "Olfen"]
[BlackTeam "Steinfurt II"]
[WhiteTeamCountry "GER"]
[BlackTeamCountry "GER"]

1. e4 e6 2. Nf3 b6 3. d4 d5 4. exd5 exd5 5. Bd3 Nf6 6. O-O Be7 7. Ne5 O-O 8. c3 Bb7 9. Nd2 Nbd7 10. Ndf3 c5 11. Re1 Ne4 12. Nxd7 Qxd7 13. Ne5 Qc7 14. Qg4 f5 15. Qh5 Bd6 16. f3 Bxe5 17. dxe5 g6 18. Qh4 c4 19. Bc2 Nc5 20. e6 Rfe8 21. e7 Nd7 22. Bf4 Qc6 23. Re2 b5 24. Rae1 Qf6 25. Qg3 a5 26. Re6 Qg7 27. h4 Ra6 28. Bg5 d4 29. Rxa6 Bxa6 30. Qd6 Bc8 31. Qxd4 1-0

[Event "Muensterland Verbandsklasse 2526"]
[Site "Germany"]
[Date "2026.02.21"]
[Round "6"]
[Board "4"]
[White "Mellinger, Thomas"]
[Black "Beutelhoff, Josef"]
[Result "0-1"]
[WhiteElo "1662"]
[BlackElo "1820"]
[WhiteFideId "-1"]
[BlackFideId "-1"]
[PlyCount "80"]
[GameId "2283691392667803"]
[EventDate "2025.??.??"]
[EventType "team-tourn"]
[EventRounds "9"]
[EventCountry "GER"]
[SourceTitle "Verband Muensterland"]
[SourceDate "2026.01.17"]
[SourceVersion "1"]
[SourceVersionDate "2026.01.17"]
[SourceQuality "1"]
[WhiteTeam "Steinfurt II"]
[BlackTeam "Olfen"]
[WhiteTeamCountry "GER"]
[BlackTeamCountry "GER"]

1. d4 Nf6 2. c4 e6 3. Nc3 d5 4. e3 Nbd7 5. Nf3 c6 6. Bd3 dxc4 7. Bxc4 b5 8. Bd3 Bb7 9. Bd2 a6 10. a3 c5 11. dxc5 Nxc5 12. Be2 Nd3+ 13. Bxd3 Qxd3 14. Qb3 Qd7 15. e4 e5 16. O-O Be7 17. Bg5 Rd8 18. Rad1 Qe6 19. Rxd8+ Bxd8 20. Qc2 O-O 21. Rd1 Be7 22. Bxf6 Bxf6 23. Nd5 Rc8 24. Nxf6+ Qxf6 25. Qd3 g6 26. h3 Rc4 27. Re1 Qe7 28. b3 Rc7 29. Rd1 f6 30. Ne1 Bc8 31. b4 Be6 32. f3 Rd7 33. Qc2 Bc4 34. Rxd7 Qxd7 35. Qc1 Qd4+ 36. Kh1 Kg7 37. Kh2 h5 38. h4 Qf2 39. Kh3 Be6+ 40. g4 Bc4 0-1

[Event "Muensterland Verbandsklasse 2526"]
[Site "Germany"]
[Date "2026.02.21"]
[Round "6"]
[Board "5"]
[White "Boenigk, Winfried"]
[Black "Schmitz, Carolin"]
[Result "1-0"]
[WhiteElo "1750"]
[BlackElo "1616"]
[WhiteFideId "-1"]
[BlackFideId "-1"]
[PlyCount "63"]
[GameId "2283691392667805"]
[EventDate "2025.??.??"]
[EventType "team-tourn"]
[EventRounds "9"]
[EventCountry "GER"]
[SourceTitle "Verband Muensterland"]
[SourceDate "2026.01.17"]
[SourceVersion "1"]
[SourceVersionDate "2026.01.17"]
[SourceQuality "1"]
[WhiteTeam "Olfen"]
[BlackTeam "Steinfurt II"]
[WhiteTeamCountry "GER"]
[BlackTeamCountry "GER"]

1. d4 d5 2. c4 Nf6 3. Nc3 Nc6 4. cxd5 Nxd5 5. e4 Nxc3 6. bxc3 e6 7. Nf3 Ne7 8. Bd3 Ng6 9. O-O c5 10. Be3 cxd4 11. cxd4 Be7 12. Qb3 O-O 13. Rac1 b6 14. Rc3 Bb7 15. Rfc1 Rc8 16. Rxc8 Bxc8 17. Qa4 a5 18. Rb1 Bd6 19. Qc6 Bc7 20. Rc1 Bb8 21. e5 Bd7 22. Qc2 Qe7 23. Bg5 Qa3 24. Qb1 b5 25. Nd2 h6 26. Be3 Ne7 27. Bh7+ Kh8 28. Be4 Rc8 29. Rxc8+ Nxc8 30. Nb3 a4 31. Nc5 Be8 32. Bd2 1-0

[Event "Muensterland Verbandsklasse 2526"]
[Site "Germany"]
[Date "2026.02.21"]
[Round "6"]
[Board "6"]
[White "Raus, Christina"]
[Black "Heimann, Karsten"]
[Result "1/2-1/2"]
[WhiteElo "1557"]
[BlackElo "1667"]
[WhiteFideId "-1"]
[BlackFideId "-1"]
[PlyCount "64"]
[GameId "2283691392667807"]
[EventDate "2025.??.??"]
[EventType "team-tourn"]
[EventRounds "9"]
[EventCountry "GER"]
[SourceTitle "Verband Muensterland"]
[SourceDate "2026.01.17"]
[SourceVersion "1"]
[SourceVersionDate "2026.01.17"]
[SourceQuality "1"]
[WhiteTeam "Steinfurt II"]
[BlackTeam "Olfen"]
[WhiteTeamCountry "GER"]
[BlackTeamCountry "GER"]

1. d4 d5 2. c4 c6 3. Nc3 Nf6 4. Bf4 e6 5. e3 Bd6 6. Bxd6 Qxd6 7. Nf3 Nbd7 8. Bd3 e5 9. dxe5 Nxe5 10. Nxe5 Qxe5 11. cxd5 Nxd5 12. Nxd5 Qxd5 13. O-O Be6 14. Qc2 Rd8 15. Rfd1 Qh5 16. Be2 Rxd1+ 17. Rxd1 Qa5 18. a3 O-O 19. Qd2 Qe5 20. Qd4 Qxd4 21. Rxd4 c5 22. Rd2 a6 23. Bf3 b5 24. Bd5 Rd8 25. e4 c4 26. Kf1 Kf8 27. Ke2 Bxd5 28. Rxd5 Rxd5 29. exd5 Ke7 30. Ke3 Kd6 31. Kd4 g5 32. h3 h5 1/2-1/2

[Event "Muensterland Verbandsklasse 2526"]
[Site "Germany"]
[Date "2026.02.21"]
[Round "6"]
[Board "7"]
[White "Breuer, Bernd"]
[Black "Dehler, Markus"]
[Result "1-0"]
[WhiteElo "1764"]
[BlackElo "1574"]
[WhiteFideId "-1"]
[BlackFideId "-1"]
[PlyCount "67"]
[GameId "2283691392667809"]
[EventDate "2025.??.??"]
[EventType "team-tourn"]
[EventRounds "9"]
[EventCountry "GER"]
[SourceTitle "Verband Muensterland"]
[SourceDate "2026.01.17"]
[SourceVersion "1"]
[SourceVersionDate "2026.01.17"]
[SourceQuality "1"]
[WhiteTeam "Olfen"]
[BlackTeam "Steinfurt II"]
[WhiteTeamCountry "GER"]
[BlackTeamCountry "GER"]

1. d4 d5 2. c4 c6 3. Nf3 Nf6 4. cxd5 cxd5 5. Nc3 e6 6. Bg5 Be7 7. e3 Nc6 8. Bb5 Bd7 9. O-O Rc8 10. h3 O-O 11. Bf4 a6 12. Bxc6 Bxc6 13. Qb3 b5 14. Ne5 Ba8 15. Rac1 Nd7 16. Ne2 Nxe5 17. Rxc8 Qxc8 18. Bxe5 Qc4 19. Qxc4 dxc4 20. f3 Bb4 21. a3 Be7 22. Nc3 Rc8 23. Kf2 Rc6 24. e4 f6 25. Bf4 Rc8 26. Rd1 b4 27. axb4 Bxb4 28. Rc1 Bc6 29. Na2 e5 30. Rxc4 a5 31. Nxb4 axb4 32. dxe5 fxe5 33. Bxe5 b3 34. Rb4 1-0

[Event "Muensterland Verbandsklasse 2526"]
[Site "Germany"]
[Date "2026.02.21"]
[Round "6"]
[Board "8"]
[White "Krueler, Andreas"]
[Black "Huening, Matthias"]
[Result "1-0"]
[WhiteElo "1421"]
[BlackElo "1435"]
[WhiteFideId "-1"]
[BlackFideId "-1"]
[PlyCount "147"]
[GameId "2283691392667811"]
[EventDate "2025.??.??"]
[EventType "team-tourn"]
[EventRounds "9"]
[EventCountry "GER"]
[SourceTitle "Verband Muensterland"]
[SourceDate "2026.01.17"]
[SourceVersion "1"]
[SourceVersionDate "2026.01.17"]
[SourceQuality "1"]
[WhiteTeam "Steinfurt II"]
[BlackTeam "Olfen"]
[WhiteTeamCountry "GER"]
[BlackTeamCountry "GER"]

1. e4 e5 2. Bc4 Bc5 3. Nf3 d6 4. h3 Nc6 5. Nc3 Nf6 6. d3 h6 7. a3 Qe7 8. Na4 Bb6 9. Nxb6 axb6 10. O-O Be6 11. Bb5 O-O 12. Bxc6 bxc6 13. Nh2 Qd7 14. f4 exf4 15. Bxf4 Nh7 16. Qf3 Ng5 17. Qg3 f6 18. Rf2 Kh8 19. Raf1 Qe7 20. Nf3 Nxf3+ 21. Rxf3 g5 22. Bd2 Kh7 23. Bc3 Qd7 24. Rxf6 Rxf6 25. Rxf6 Rg8 26. Qf2 Qe7 27. e5 d5 28. Bd2 Rg6 29. h4 g4 30. Qf4 h5 31. Rf8 Qg7 32. Re8 Bf7 33. Re7 Kg8 34. Rxc7 Re6 35. d4 Kf8 36. Qf5 Qg6 37. Qf2 Re7 38. Bb4 c5 39. Rxe7 Kxe7 40. dxc5 bxc5 41. Bxc5+ Kd7 42. b4 Be8 43. Qf8 Qe6 44. Qd6+ Qxd6 45. exd6 Ke6 46. Kf2 Ke5 47. Ke3 Bc6 48. g3 Ba4 49. c3 Bc6 50. Kd3 Bb5+ 51. Kc2 Ba4+ 52. Kb2 Ke4 53. d7 Bxd7 54. Kb3 Kf3 55. Bd6 Ke4 56. a4 d4 57. a5 d3 58. Bf4 Kd5 59. c4+ Kd4 60. c5 Bb5 61. Bd2 Kd5 62. Kc3 Ke4 63. c6 Bxc6 64. a6 Bb5 65. a7 Bc6 66. b5 Bd5 67. b6 Ba8 68. Kc4 Bb7 69. Bf4 Ba8 70. Kc5 Kf3 71. Kd6 Ke2 72. Kc7 d2 73. Bxd2 Kxd2 74. b7 1-0

[Event "Muensterland Verbandsklasse 2526"]
[Site "Germany"]
[Date "2026.02.21"]
[Round "6"]
[Board "1"]
[White "Pohl, Detlev"]
[Black "Hoffmann, Nico"]
[Result "0-1"]
[WhiteElo "1859"]
[BlackElo "1866"]
[WhiteFideId "-1"]
[BlackFideId "-1"]
[PlyCount "58"]
[GameId "2282168573313024"]
[EventDate "2025.??.??"]
[EventType "team-tourn"]
[EventRounds "9"]
[EventCountry "GER"]
[SourceTitle "Verband Muensterland"]
[SourceDate "2026.01.17"]
[SourceVersion "1"]
[SourceVersionDate "2026.01.17"]
[SourceQuality "1"]
[WhiteTeam "Telgte"]
[BlackTeam "Drensteinfurt"]
[WhiteTeamCountry "GER"]
[BlackTeamCountry "GER"]

1. e4 c5 2. a3 g6 3. Nc3 Bg7 4. Bc4 Nc6 5. d3 e6 6. f4 Nge7 7. Nf3 O-O 8. Ba2 Nd4 9. O-O Rb8 10. Ne2 Nxf3+ 11. gxf3 d5 12. Rb1 a5 13. Be3 Qc7 14. c3 b5 15. Qc2 Bb7 16. Rbc1 Rfc8 17. Qd2 Qd7 18. Ng3 Ba6 19. Rfd1 c4 20. d4 b4 21. Bb1 bxa3 22. bxa3 Rb3 23. a4 Rcb8 24. Qg2 Rb2 25. Qh3 Qxa4 26. f5 Qd7 27. Kh1 dxe4 28. fxe4 exf5 29. Rg1 Qe6 0-1

[Event "Muensterland Verbandsklasse 2526"]
[Site "Germany"]
[Date "2026.02.21"]
[Round "6"]
[Board "2"]
[White "Prokscha, Maurice"]
[Black "Esser, Peter"]
[Result "1/2-1/2"]
[WhiteElo "1781"]
[BlackElo "1757"]
[WhiteFideId "-1"]
[BlackFideId "-1"]
[PlyCount "73"]
[GameId "2282168611061760"]
[EventDate "2025.??.??"]
[EventType "team-tourn"]
[EventRounds "9"]
[EventCountry "GER"]
[SourceTitle "Verband Muensterland"]
[SourceDate "2026.01.17"]
[SourceVersion "1"]
[SourceVersionDate "2026.01.17"]
[SourceQuality "1"]
[WhiteTeam "Drensteinfurt"]
[BlackTeam "Telgte"]
[WhiteTeamCountry "GER"]
[BlackTeamCountry "GER"]

1. d4 Nf6 2. Nf3 d5 3. g3 c5 4. c3 e6 5. Bg2 Nc6 6. O-O Bd6 7. Nbd2 O-O 8. Re1 cxd4 9. cxd4 Qe7 10. a3 Bd7 11. b3 Rfc8 12. Bb2 a5 13. h3 Rc7 14. Ne5 Be8 15. e4 dxe4 16. Nxe4 Nxe4 17. Bxe4 Nxe5 18. dxe5 Bc5 19. Qe2 Rd8 20. a4 Bb4 21. Red1 Rdc8 22. Rac1 g6 23. Qf3 b6 24. Bb7 Rxc1 25. Rxc1 Rd8 26. Bc6 Bxc6 27. Qxc6 Bc5 28. Qe4 Rd2 29. Rc2 Bxf2+ 30. Kg2 Rxc2 31. Qxc2 Bc5 32. Qd3 Qb7+ 33. Qf3 Qxf3+ 34. Kxf3 Kf8 35. Ke4 h5 36. Kd3 Ke8 37. Kc4 1/2-1/2

[Event "Muensterland Verbandsklasse 2526"]
[Site "Germany"]
[Date "2026.02.21"]
[Round "6"]
[Board "3"]
[White "Dieckmann, Werner"]
[Black "Berkhoff, Tim Henrik"]
[Result "0-1"]
[WhiteElo "1740"]
[BlackElo "1790"]
[WhiteFideId "-1"]
[BlackFideId "-1"]
[PlyCount "94"]
[GameId "2282168644616192"]
[EventDate "2025.??.??"]
[EventType "team-tourn"]
[EventRounds "9"]
[EventCountry "GER"]
[SourceTitle "Verband Muensterland"]
[SourceDate "2026.01.17"]
[SourceVersion "1"]
[SourceVersionDate "2026.01.17"]
[SourceQuality "1"]
[WhiteTeam "Telgte"]
[BlackTeam "Drensteinfurt"]
[WhiteTeamCountry "GER"]
[BlackTeamCountry "GER"]

1. d4 c5 2. c3 Nf6 3. Nf3 e6 4. Bg5 d5 5. e3 Be7 6. Be2 Nbd7 7. O-O O-O 8. Nbd2 h6 9. Bh4 b6 10. Re1 Bb7 11. Bg3 Rc8 12. b3 Re8 13. Ne5 cxd4 14. cxd4 Bb4 15. Rf1 Bxd2 16. Nxd7 Qxd7 17. Qxd2 Ne4 18. Qb2 Nxg3 19. hxg3 Rc7 20. Rac1 Rec8 21. Bd3 Bc6 22. Rfe1 Bb5 23. Bb1 a5 24. Qd2 Qd6 25. Qb2 g6 26. Rxc7 Qxc7 27. Qd2 h5 28. f4 Kg7 29. Kf2 Qc6 30. Kf3 a4 31. bxa4 Bxa4 32. Qb2 Bb5 33. Rd1 Bc4 34. Rd2 Rh8 35. a3 Qc7 36. Bd3 b5 37. Bb1 Qe7 38. Qb4 Qxb4 39. axb4 Ra8 40. g4 hxg4+ 41. Kxg4 Ra3 42. Kf3 Rb3 43. Bc2 Rxb4 44. g4 Rb2 45. Rf2 b4 46. f5 b3 47. fxe6 fxe6 0-1

[Event "Muensterland Verbandsklasse 2526"]
[Site "Germany"]
[Date "2026.02.21"]
[Round "6"]
[Board "4"]
[White "Saphoerster, Arne"]
[Black "Stepa, Rainer"]
[Result "0-1"]
[WhiteElo "1705"]
[BlackElo "1737"]
[WhiteFideId "-1"]
[BlackFideId "-1"]
[PlyCount "76"]
[GameId "2282168699142144"]
[EventDate "2025.??.??"]
[EventType "team-tourn"]
[EventRounds "9"]
[EventCountry "GER"]
[SourceTitle "Verband Muensterland"]
[SourceDate "2026.01.17"]
[SourceVersion "1"]
[SourceVersionDate "2026.01.17"]
[SourceQuality "1"]
[WhiteTeam "Drensteinfurt"]
[BlackTeam "Telgte"]
[WhiteTeamCountry "GER"]
[BlackTeamCountry "GER"]

1. d4 d5 2. c4 e6 3. Nf3 c6 4. g3 dxc4 5. Bg2 b5 6. a4 Bb7 7. Ne5 Qc8 8. b3 cxb3 9. Qxb3 Nd7 10. O-O Nxe5 11. dxe5 a6 12. Be3 Ne7 13. Nc3 Nd5 14. Nxd5 exd5 15. Rfc1 Qe6 16. f4 Be7 17. axb5 axb5 18. Rxa8+ Bxa8 19. Ra1 O-O 20. Ra7 Re8 21. Bf3 Bf8 22. Kg2 Qc8 23. h3 Re7 24. Bg4 Qb8 25. Ra5 d4 26. Bd2 Ra7 27. Qa2 Rxa5 28. Qxa5 c5+ 29. Kh2 Bd5 30. Bc1 Qb7 31. Qe1 c4 32. Qf2 Bc5 33. Bb2 Qb6 34. Qe1 c3 35. Ba1 b4 36. Bf5 b3 37. Bxc3 dxc3 38. Qxc3 Bg1# 0-1

[Event "Muensterland Verbandsklasse 2526"]
[Site "Germany"]
[Date "2026.02.21"]
[Round "6"]
[Board "5"]
[White "Koenig, Michael"]
[Black "Walter, Kiara Laurien"]
[Result "1-0"]
[WhiteElo "1670"]
[BlackElo "1690"]
[WhiteFideId "-1"]
[BlackFideId "-1"]
[PlyCount "61"]
[GameId "2282168741085184"]
[EventDate "2025.??.??"]
[EventType "team-tourn"]
[EventRounds "9"]
[EventCountry "GER"]
[SourceTitle "Verband Muensterland"]
[SourceDate "2026.01.17"]
[SourceVersion "1"]
[SourceVersionDate "2026.01.17"]
[SourceQuality "1"]
[WhiteTeam "Telgte"]
[BlackTeam "Drensteinfurt"]
[WhiteTeamCountry "GER"]
[BlackTeamCountry "GER"]

1. e4 c5 2. Nf3 e6 3. d4 cxd4 4. Nxd4 Nc6 5. Be3 a6 6. Bd3 Qc7 7. O-O Nf6 8. Nd2 d5 9. Nxc6 bxc6 10. f4 e5 11. fxe5 Qxe5 12. Nf3 Qxb2 13. Bd4 Qb4 14. Bxf6 gxf6 15. exd5 Bc5+ 16. Kh1 cxd5 17. Qe2+ Kf8 18. c4 Bg4 19. cxd5 Re8 20. Qd2 Qxd2 21. Nxd2 Bd4 22. Rab1 Be2 23. Bxe2 Rxe2 24. Rb8+ Kg7 25. Rxh8 Kxh8 26. Rd1 Re8 27. Nc4 Bc5 28. d6 Kg8 29. d7 Rd8 30. Na5 Bb6 31. Nc6 1-0

[Event "Muensterland Verbandsklasse 2526"]
[Site "Germany"]
[Date "2026.02.21"]
[Round "6"]
[Board "6"]
[White "Walter, Kiron"]
[Black "Rex, Dieter"]
[Result "0-1"]
[WhiteElo "1566"]
[BlackElo "1643"]
[WhiteFideId "-1"]
[BlackFideId "-1"]
[PlyCount "86"]
[GameId "2282168795611136"]
[EventDate "2025.??.??"]
[EventType "team-tourn"]
[EventRounds "9"]
[EventCountry "GER"]
[SourceTitle "Verband Muensterland"]
[SourceDate "2026.01.17"]
[SourceVersion "1"]
[SourceVersionDate "2026.01.17"]
[SourceQuality "1"]
[WhiteTeam "Drensteinfurt"]
[BlackTeam "Telgte"]
[WhiteTeamCountry "GER"]
[BlackTeamCountry "GER"]

1. e4 c5 2. Nc3 Nc6 3. g3 e6 4. Bg2 d6 5. Nge2 Nf6 6. d3 Be7 7. h3 O-O 8. Be3 a6 9. a4 Qc7 10. Qd2 Rb8 11. O-O Bd7 12. Nd1 d5 13. exd5 Nxd5 14. Nec3 Nxe3 15. Nxe3 Nd4 16. Qd1 Bc6 17. Ne4 f5 18. c3 fxe4 19. cxd4 cxd4 20. Nc2 exd3 21. Nxd4 Qd6 22. Nxc6 bxc6 23. Qd2 c5 24. Rfc1 Bf6 25. Rab1 Qd4 26. b3 Be5 27. Rc4 Qd6 28. Be4 Bd4 29. Qxd3 Bxf2+ 30. Kg2 Bd4 31. Rb2 Qe5 32. Re2 Qf6 33. Rc1 Qh6 34. Rce1 Rf6 35. Bf3 Rbf8 36. Rf1 Rg6 37. Qxa6 Qf4 38. g4 Be5 39. Kh1 Qg3 40. Ref2 Qxh3+ 41. Kg1 Bd4 42. Qc6 Rgf6 43. Bg2 Qg3 0-1

[Event "Muensterland Verbandsklasse 2526"]
[Site "Germany"]
[Date "2026.02.21"]
[Round "6"]
[Board "7"]
[White "Rausch, Arndt"]
[Black "Tillkorn, Daniel"]
[Result "1/2-1/2"]
[WhiteElo "1606"]
[BlackElo "1667"]
[WhiteFideId "-1"]
[BlackFideId "-1"]
[PlyCount "32"]
[GameId "2282168841748480"]
[EventDate "2025.??.??"]
[EventType "team-tourn"]
[EventRounds "9"]
[EventCountry "GER"]
[SourceTitle "Verband Muensterland"]
[SourceDate "2026.01.17"]
[SourceVersion "1"]
[SourceVersionDate "2026.01.17"]
[SourceQuality "1"]
[WhiteTeam "Telgte"]
[BlackTeam "Drensteinfurt"]
[WhiteTeamCountry "GER"]
[BlackTeamCountry "GER"]

1. d4 Nf6 2. c4 e6 3. Nc3 Bb4 4. Bd2 c5 5. Nf3 cxd4 6. Nxd4 Nc6 7. Nxc6 bxc6 8. Qc2 O-O 9. e3 d5 10. a3 Bxc3 11. Bxc3 Ne4 12. Bd3 f5 13. O-O Nxc3 14. Qxc3 Qd6 15. cxd5 exd5 16. Rac1 Bd7 1/2-1/2

[Event "Muensterland Verbandsklasse 2526"]
[Site "Germany"]
[Date "2026.02.21"]
[Round "6"]
[Board "8"]
[White "Delchmann, David"]
[Black "Schenk, Tobias"]
[Result "1-0"]
[WhiteElo "1535"]
[BlackElo "1300"]
[WhiteFideId "-1"]
[BlackFideId "-1"]
[PlyCount "52"]
[GameId "2282168892080128"]
[EventDate "2025.??.??"]
[EventType "team-tourn"]
[EventRounds "9"]
[EventCountry "GER"]
[SourceTitle "Verband Muensterland"]
[SourceDate "2026.01.17"]
[SourceVersion "1"]
[SourceVersionDate "2026.01.17"]
[SourceQuality "1"]
[WhiteTeam "Drensteinfurt"]
[BlackTeam "Telgte"]
[WhiteTeamCountry "GER"]
[BlackTeamCountry "GER"]

1. e4 c6 2. d4 d5 3. e5 c5 4. dxc5 Nc6 5. c4 Qa5+ 6. Nc3 d4 7. Bd2 dxc3 8. Bxc3 Qxc5 9. Qd5 e6 10. Qe4 Nge7 11. a3 a5 12. Rd1 Ng6 13. b4 axb4 14. axb4 Nxb4 15. Bd4 Qc7 16. Nf3 Nc6 17. c5 Nxd4 18. Qxd4 Qa5+ 19. Qd2 Qxd2+ 20. Nxd2 Bxc5 21. Bb5+ Ke7 22. Nc4 Bb4+ 23. Ke2 Nf4+ 24. Kf3 Nd5 25. Rd3 Bc5 26. Rb1 Rd8 1-0

[Event "Muensterland Verbandsklasse 2526"]
[Site "Germany"]
[Date "2026.02.21"]
[Round "6"]
[Board "1"]
[White "Georg, Felix"]
[Black "Wenning, Niels"]
[Result "1/2-1/2"]
[WhiteElo "2042"]
[BlackElo "1915"]
[WhiteFideId "-1"]
[BlackFideId "-1"]
[PlyCount "41"]
[GameId "2283691763848267"]
[EventDate "2025.??.??"]
[EventType "team-tourn"]
[EventRounds "9"]
[EventCountry "GER"]
[SourceTitle "Verband Muensterland"]
[SourceDate "2026.01.17"]
[SourceVersion "1"]
[SourceVersionDate "2026.01.17"]
[SourceQuality "1"]
[WhiteTeam "Nordkirchen"]
[BlackTeam "Greven"]
[WhiteTeamCountry "GER"]
[BlackTeamCountry "GER"]

1. d4 Nf6 2. Nf3 d5 3. c4 e6 4. g3 dxc4 5. Bg2 Bb4+ 6. Nc3 O-O 7. O-O Nbd7 8. a3 Bd6 9. Qa4 Nb6 10. Qc2 Nfd5 11. Nb1 c5 12. dxc5 Bxc5 13. Nbd2 Bd7 14. e4 Ne7 15. b4 Bd6 16. e5 Bb8 17. Nxc4 Qc7 18. Ne3 Qxc2 19. Nxc2 Nc4 20. Re1 Ng6 21. Bf4 1/2-1/2

[Event "Muensterland Verbandsklasse 2526"]
[Site "Germany"]
[Date "2026.02.21"]
[Round "6"]
[Board "2"]
[White "Kecker, Lars"]
[Black "Husemann, Andreas"]
[Result "1/2-1/2"]
[WhiteElo "1866"]
[BlackElo "1858"]
[WhiteFideId "-1"]
[BlackFideId "-1"]
[PlyCount "32"]
[GameId "2283691763848269"]
[EventDate "2025.??.??"]
[EventType "team-tourn"]
[EventRounds "9"]
[EventCountry "GER"]
[SourceTitle "Verband Muensterland"]
[SourceDate "2026.01.17"]
[SourceVersion "1"]
[SourceVersionDate "2026.01.17"]
[SourceQuality "1"]
[WhiteTeam "Greven"]
[BlackTeam "Nordkirchen"]
[WhiteTeamCountry "GER"]
[BlackTeamCountry "GER"]

1. d4 Nf6 2. Bf4 e6 3. Nf3 c5 4. e3 Nc6 5. c3 h6 6. h3 d5 7. Nbd2 Bd6 8. Ne5 Qc7 9. Ndf3 Nd7 10. Bb5 O-O 11. Nxd7 Bxd7 12. Bxd6 Qxd6 13. O-O Nxd4 14. Nxd4 cxd4 15. Bxd7 Qxd7 16. exd4 Qb5 1/2-1/2

[Event "Muensterland Verbandsklasse 2526"]
[Site "Germany"]
[Date "2026.02.21"]
[Round "6"]
[Board "3"]
[White "Jendrich, Manuel"]
[Black "Schaefertoens, Robert"]
[Result "1-0"]
[WhiteElo "1832"]
[BlackElo "1774"]
[WhiteFideId "-1"]
[BlackFideId "-1"]
[PlyCount "67"]
[GameId "2283691763848271"]
[EventDate "2025.??.??"]
[EventType "team-tourn"]
[EventRounds "9"]
[EventCountry "GER"]
[SourceTitle "Verband Muensterland"]
[SourceDate "2026.01.17"]
[SourceVersion "1"]
[SourceVersionDate "2026.01.17"]
[SourceQuality "1"]
[WhiteTeam "Nordkirchen"]
[BlackTeam "Greven"]
[WhiteTeamCountry "GER"]
[BlackTeamCountry "GER"]

1. e4 e6 2. Nf3 d5 3. Nc3 c6 4. e5 c5 5. d3 Nc6 6. Bf4 a6 7. g4 Qb6 8. Rb1 Qb4 9. Qd2 h5 10. a3 Qa5 11. g5 g6 12. h4 Bd7 13. Bg2 Nge7 14. O-O Nf5 15. Rfe1 Ncd4 16. Nxd5 Nxf3+ 17. Bxf3 Qxd2 18. Nf6+ Kd8 19. Bxd2 Bc8 20. Ba5+ Ke7 21. Bb6 Nxh4 22. Bxc5+ Kd8 23. Bb6+ Ke7 24. Bh1 Bg7 25. Re4 Nf5 26. Rc4 Bxf6 27. gxf6+ Kf8 28. Rc7 Kg8 29. Be4 Nh6 30. Bxg6 fxg6 31. Rg7+ Kf8 32. Bc5+ Ke8 33. Re7+ Kf8 34. Rh7+ 1-0

[Event "Muensterland Verbandsklasse 2526"]
[Site "Germany"]
[Date "2026.02.21"]
[Round "6"]
[Board "4"]
[White "Volk, Hans Ludwig"]
[Black "Steffens, Gerd"]
[Result "1/2-1/2"]
[WhiteElo "1756"]
[BlackElo "1721"]
[WhiteFideId "-1"]
[BlackFideId "-1"]
[PlyCount "34"]
[GameId "2283691763848273"]
[EventDate "2025.??.??"]
[EventType "team-tourn"]
[EventRounds "9"]
[EventCountry "GER"]
[SourceTitle "Verband Muensterland"]
[SourceDate "2026.01.17"]
[SourceVersion "1"]
[SourceVersionDate "2026.01.17"]
[SourceQuality "1"]
[WhiteTeam "Greven"]
[BlackTeam "Nordkirchen"]
[WhiteTeamCountry "GER"]
[BlackTeamCountry "GER"]

1. c4 e6 2. Nc3 b6 3. e4 Bb7 4. f4 Bb4 5. d3 Bxc3+ 6. bxc3 c5 7. Nf3 Ne7 8. Be2 Nbc6 9. O-O f5 10. e5 O-O 11. d4 cxd4 12. cxd4 d5 13. Ba3 Re8 14. c5 Na5 15. cxb6 axb6 16. Rf2 Nc4 17. Bxe7 Rxe7 1/2-1/2